000 00410nam a2200169Ia 4500
005 20250423094235.0
008 250422s9999 xx 000 0 und d
020 _a9780140513639
050 _aPN 41 .C83/
100 _aCuddon, J. A.
245 2 _aA dictionary of literary terms and literary theory
260 _aEngland
260 _bPenguin Books
260 _c1998
300 _a991 p
942 _cBK
999 _c26678
_d26678